Historic Rhodesia (Record no. 121461)
[ view plain ]
| 000 -LEADER | |
|---|---|
| fixed length control field | 00833cam a2200265 i 4500 |
| 001 - CONTROL NUMBER | |
| control field | 4117377 |
| 003 - CONTROL NUMBER IDENTIFIER | |
| control field | ARRUPE |
| 005 - DATE AND TIME OF LATEST TRANSACTION | |
| control field | 20141219134155.0 |
| 008 - FIXED-LENGTH DATA ELEMENTS--GENERAL INFORMATION | |
| fixed length control field | 760406s1975 rh abf 000 0 eng |
| 010 ## - LIBRARY OF CONGRESS CONTROL NUMBER | |
| LC control number | 75519743 |
| 020 ## - INTERNATIONAL STANDARD BOOK NUMBER | |
| International Standard Book Number | 0582641721 |
| 040 ## - CATALOGING SOURCE | |
| Original cataloging agency | DLC |
| Transcribing agency | DLC |
| Modifying agency | DLC |
| 043 ## - GEOGRAPHIC AREA CODE | |
| Geographic area code | f-rh--- |
| 050 00 - LIBRARY OF CONGRESS CALL NUMBER | |
| Classification number | DT962.2 |
| Item number | .R36 |
| 300 ## - PHYSICAL DESCRIPTION | |
| Other physical details | ill. (some col.), maps ; |
| Dimensions | 22 cm. |
| 100 1# - MAIN ENTRY--PERSONAL NAME | |
| Personal name | Ransford, Oliver, |
| Dates associated with a name | 1914- |
| 9 (RLIN) | 9563 |
| 245 10 - TITLE STATEMENT | |
| Title | Historic Rhodesia |
| Statement of responsibility, etc | Oliver Ransford and Peter Steyn. |
| 260 ## - PUBLICATION, DISTRIBUTION, ETC. (IMPRINT) | |
| Place of publication, distribution, etc | Salisbury, [Rhodesia] : |
| Name of publisher, distributor, etc | Longman Rhodesia, |
| Date of publication, distribution, etc | 1975. |
| 300 ## - PHYSICAL DESCRIPTION | |
| Extent | 70 p., [12] leaves of plates : |
| 490 0# - SERIES STATEMENT | |
| Series statement | Bundu series |
| 651 #0 - SUBJECT ADDED ENTRY--GEOGRAPHIC NAME | |
| Geographic name | Zimbabwe |
| General subdivision | Description and travel. |
| 9 (RLIN) | 9736 |
| 651 #0 - SUBJECT ADDED ENTRY--GEOGRAPHIC NAME | |
| Geographic name | Zimbabwe |
| General subdivision | History. |
| 9 (RLIN) | 9704 |
| 700 1# - ADDED ENTRY--PERSONAL NAME | |
| Personal name | Steyn, Peter, |
| Dates associated with a name | 1936- |
| 9 (RLIN) | 10910 |
| 906 ## - LOCAL DATA ELEMENT F, LDF (RLIN) | |
| a | 7 |
| b | cbc |
| c | orignew |
| d | 4 |
| e | ncip |
| f | 19 |
| g | y-gencatlg |
| 942 ## - ADDED ENTRY ELEMENTS (KOHA) | |
| Source of classification or shelving scheme | Library of Congress Classification |
| Koha item type | SPC |
| Withdrawn status | Lost status | Source of classification or shelving scheme | Damaged status | Not for loan | Collection code | Home library | Current library | Shelving location | Date acquired | Total Checkouts | Full call number | Barcode | Date last seen | Price effective from | Koha item type |
|---|---|---|---|---|---|---|---|---|---|---|---|---|---|---|---|
| Library of Congress Classification | SPECIAL Collection | ARRUPE LIBRARY | ARRUPE LIBRARY | Main Collection | 10/12/2014 | SPC DT962.2 .R36 | 46500003462 | 10/12/2014 | 10/12/2014 | SPC |